LIBRARY & INFORMATION CENTRE, KCAET, TAVANUR

ONLINE PUBLIC ACCESS CATALOGUE (OPAC)

Development and evaluation of potato waste based biodegradable film for food packaging / (Record no. 18089)

MARC details
000 -LEADER
fixed length control field 00515nam a22001817a 4500
003 - CONTROL NUMBER IDENTIFIER
control field OSt
082 ## - DEWEY DECIMAL CLASSIFICATION NUMBER
Classification number 664
Item number APA/DE
088 ## - REPORT NUMBER
Report number P 611
100 ## - MAIN ENTRY--AUTHOR NAME
Personal name Aparna N
245 ## - TITLE STATEMENT
Title Development and evaluation of potato waste based biodegradable film for food packaging /
260 ## - PUBLICATION, DISTRIBUTION, ETC. (IMPRINT)
Place of publication Tavanur :
Name of publisher Department of Processing & Food Engineering,
Year of publication 2024.
300 ## - PHYSICAL DESCRIPTION
Number of Pages p.
700 ## - ADDED ENTRY--PERSONAL NAME
Personal name Fahmidha
700 ## - ADDED ENTRY--PERSONAL NAME
Personal name Arjun Menon C
700 ## - ADDED ENTRY--PERSONAL NAME
Personal name Fathima Nasrin P
700 ## - ADDED ENTRY--PERSONAL NAME
Personal name Rajesh G K (Guide)
942 ## - ADDED ENTRY ELEMENTS (KOHA)
Koha item type Project Report
Holdings
Collection code Home library Current library Full call number Accession Number Koha item type
Reference KAUAET KAUAET 664 APA/DE P 611 Project Report
free website counter